Reaches of heaven : a story of the Baal Shem Tov /

Bibliographic Details
Main Author: Singer, Isaac Bashevis, 1904-1991
Other Authors: Moskowitz, Ira
Format: Book
Language:English
Yiddish
Published: New York : Farrar, Straus, Giroux, 1980.
Subjects:

MARC

Tag First Indicator Second Indicator Subfields
LEADER 00000cam a2200000 a 4500
001 in00000079220
005 20151008060758.0
008 800605s1980 nyua 00011 engm
010 |a  80036672  
020 |a 0374247331 :  |c $15.00 
035 |a (OCoLC)06487620 
035 |9 AAJ6552AM 
040 |a DLC  |c DLC  |d m.c.  |d OCL  |d TXA  |d UtOrBLW 
041 1 |a eng  |a yid 
049 |a TXAM  |c [802146] 
050 0 0 |a PJ5129.S49  |b R4 1980b 
082 0 |a 839/.0933 
100 1 |a Singer, Isaac Bashevis,  |d 1904-1991. 
245 1 0 |a Reaches of heaven :  |b a story of the Baal Shem Tov /  |c Isaac Bashevis Singer ; with twenty-three original etchings by Ira Moskowitz. 
264 1 |a New York :  |b Farrar, Straus, Giroux,  |c 1980. 
300 |a 95 pages :  |b illustrations ;  |c 26 cm. 
336 |a text  |b txt  |2 rdacontent 
337 |a unmediated  |b n  |2 rdamedia 
338 |a volume  |b nc  |2 rdacarrier 
600 0 0 |a Baʻal Shem Ṭov,  |d approximately 1700-1760  |x Fiction. 
700 1 |a Moskowitz, Ira. 
999 |a MARS 
999 f f |s 7c5e9818-7886-398b-ac28-d519ee4b25d1  |i 06e0ab30-5022-3a4a-b2d1-88e50729a96a  |t 0 
952 f f |p ric  |a Texas A&M University  |b Rellis Campus  |c Joint Library Facility  |d Remote Storage  |t 0  |e PJ5129.S49 R4 1980b  |h Library of Congress classification  |i unmediated -- volume  |m A14806176327 
998 f f |a PJ5129.S49 R4 1980b  |t 0  |l Remote Storage